Aktuárska matematika v penzijných fondoch diplomová práca

Uložené v:
Podrobná bibliografia
Hlavný autor: Šarmírová, Lucia
Korporativný autor: Fakulta hospodárskej informatiky EU. Katedra matematiky a aktuárstva
Ďalší autori: Škrovánková, Lea, 1954-
Médium: Kniha
Jazyk:Slovak
Vydavateľské údaje: Bratislava 2015
Tagy: Pridať tag
Žiadne tagy, Buďte prvý, kto otaguje tento záznam!

MARC

LEADER 00000nbm a2200000 4500
001 0201581
005 20161212111955.4
041 0 |a slo 
044 |a SK 
245 1 0 |a Aktuárska matematika v penzijných fondoch  |b diplomová práca  |c Lucia Šarmírová ; školiteľ: Lea Škrovánková 
264 1 |a Bratislava  |c 2015 
300 |a 59 s. 
100 1 |a Šarmírová, Lucia 
700 1 |a Škrovánková, Lea, 1954- 
710 2 |a Fakulta hospodárskej informatiky EU. Katedra matematiky a aktuárstva